000 00304nam a2200121Ia 4500
008 231107s2004 xx 000 0 und d
041 _aeng
082 _a696.1
100 _aMcConnell Charles
245 _aThe Home Plumbing Handbook
260 _aNew York
_bDelmar Publishers Inc.
_c2004
300 _a173
999 _c931080
_d931080